000 00576nam a2200157 a 4500
001 000026792
005 20200930030420.0
008 110325s2000 dr ac 000 0 spa d
040 _aDO-SdBNP
_bspa
_cBNPHU
082 _axxx
_bR514m
100 1 _aRichards Trinidad, Faustino
_953904
245 1 0 _aMecanografía actualizada :
_bteoría y análisis /
_cFaustino Richards Trinidad.
260 _aSanto Domingo :
_bArtes Garáficas de la editora Universitaria,
_c2000.
300 _a188 p. :
_bil., retr. ;
_c29 cm.
500 _aIncluye datos biográficos del autor en la contraportada
999 _c26284
_d26284